| 000 | 00772nam a22001337a 4500 | ||
|---|---|---|---|
| 040 | _cRUA | ||
| 082 | _aAVM CHA 2018 B649 Or.1 | ||
| 100 | _aCHAN ROTHANA ចាន់ រដ្ឋណា | ||
| 245 | _aantimicrobial rrsistance of escherichia coli (E.COLI) In pig of smallholder farmer at thmakoul diatrict battambang province ភានសុំាអឺកូលីទល់និងឪសថទីប្យូទិចលើជ្រូកចិញ្ចឹមជាលក្ខណះគ្រួសារ នៅស្រុកថ្មគោ ខេត្តបាត់ដំបង | ||
| 260 |
_aRUA _bPhnom Penh _c2018 |
||
| 300 |
_aix;31p _bill; _c29cm |
||
| 856 | _uhttps://drive.google.com/file/d/1hDsIc96L7aAzwwDbUgY3pfM2IubMhGjr/view?usp=sharing | ||
| 942 | _cAVM | ||
| 999 |
_c18302 _d18302 |
||